000 00791cab a2200217 4500
001 ABS52410
008 090401t1995 xxu||||| |||| 00| 0 eng d
035 _a(Sirsi) u76491
041 _aeng
100 _aGleeson, D.
245 _aYou get what you pay for
260 _c1995
350 _a0
490 _aBuilding
_v260(7884) 17 March 1995, 33(1)
520 _aPresents a contractor`s view of the trend to competitive fee tendering for professional consultants, suggesting that it has a detrimental effect and has proved to be a false economy. Argues for simpler contracts and more design information at the outset.
650 _aCOMPETITIVE FEE TENDERING
650 _aFEE TENDERING
690 _aBUILT ENVIRONMENT-BUILDING CONTRACT FORMS
942 _n0
948 _c04/03/1997
999 _c48103
_d48103